Прошение по ходатайству землевладельца Георгия Аглинцева и генерала Демидова и переписка об аренде и орошении казенных оброчных ...

Доступно только в Электронных читальных залах Найти на картеНа карте
RUSMARC
00003822nmc2a22002413x 450
0013b88f702-b3f4-43fc-a399-8e58ecf0d668
00520210422015013.0
100##$a20201223l19091910k l0rusy0189 ca
1010#$arus
102##$aRU
105##$ay###
1222#$ad
2001#$aПрошение по ходатайству землевладельца Георгия Аглинцева и генерала Демидова и переписка об аренде и орошении казенных оброчных участков Всеволожского и Шандрюковского кизлярского отдела в Терской области, с приложением сведений по изысканиям в низовьях реки Терека
$j12 января 1909 г. - 7 августа 1910 г.
215##$a60 л.
$d36,5х26 см
251##$cДело
300##$aДело
371##$aДокумент не является опубликованным и широко распространяемым
461#0$100177c864d3-8cf9-47d4-b630-ba077d9420e2
$12001
$aСметные предположения и переписка о производстве оросительных работ в Туркестанском крае
$1251
$cДело
$1852
$j801
462#0$10011ad45bc4-c305-4a1e-a4f9-e0213db6ead5
$12001
$aОпись № 1
$1251
$cОпись
$1852
$j1
801#0$aRU
$bРГИА
$c20201223
$gRCR
801#1$aRU
$bГлавНИВЦ
$c20201223
$2rusmarc
801#2$aRU
$bПБ им. Б.Н. Ельцина
$c20210422
$gRCR
$2rusmarc
850##$aРГИА
852##$aРГИА
$eФедеральное казенное учреждение "Российский государственный исторический архив" (РГИА)
$j728
937##$hРГИА
$d12357355
$aASBIBLIO_SCAN
035##$aRusGRCC00019102
856##$uhttp://readingroom.main.prlib.ru/item.aspx?id_node=n162951056&mode=full
Формат отображения